[Event "Warsaw YMCA Spring-A 272nd"]
[Site "Warsaw"]
[Date "2023.06.21"]
[Round "10"]
[White "Szukalski, Antoni"]
[Black "Kacprzak, Karol"]
[Result "1/2-1/2"]
[WhiteElo "1680"]
[BlackElo "1690"]
[PlyCount "114"]
[EventDate "2023.04.14"]
[EventType "tourn"]
[EventRounds "11"]
[EventCountry "POL"]
[SourceTitle "EXT 2024"]
[Source "ChessBase"]
[SourceDate "2023.10.10"]
[SourceVersion "1"]
[SourceVersionDate "2023.10.10"]
[SourceQuality "1"]

1. e4 c6 2. d4 d5 3. Nc3 dxe4 4. Nxe4 Bf5 5. Ng3 Bg6 6. Nf3 Nd7 7. Bd3 Bxd3 8. Qxd3 Ngf6 9. 0-0 e6 10. Re1 Be7 11. c4 0-0 12. Bf4 c5 13. Rad1 cxd4 14. Qxd4 Bc5 15. Qd2 Qb6 16. Be3 Rac8 17. Bxc5 Qxc5 18. b3 h6 19. h3 Rfe8 20. Ne4 Nxe4 21. Rxe4 Nf6 22. Re3 e5 23. Qe2 e4 24. Nd2 Qf5 25. Re1 Rc6 26. Nxe4 Nxe4 27. Rxe4 Rce6 28. Rxe6 Rxe6 29. Qd2 Rxe1+ 30. Qxe1 b6 31. f3 g5 32. Qe8+ Kg7 33. Kf2 Qc5+ 34. Qe3 Qa3 35. Qd2 Qc5+ 36. Ke2 Qe5+ 37. Kd3 Qf5+ 38. Kc3 Qa5+ 39. Kd3 Qf5+ 40. Ke3 Qe5+ 41. Kf2 Qc5+ 42. Qe3 Qa3 43. Qd2 Qc5+ 44. Kf1 Kg6 45. g3 Kg7 46. Qc3+ Kg6 47. b4 Qf5 48. Kg2 Qb1 49. Qb3 Qc1 50. Qd3+ Kg7 51. a3 Qb2+ 52. Kg1 Qc1+ 53. Kf2 Qb2+ 54. Ke3 Qe5+ 55. Kf2 Qb2+ 56. Ke3 Qe5+ 57. Kf2 Qb2+ 1/2-1/2

[Event "Warsaw YMCA Winter-B 270th"]
[Site "Warsaw"]
[Date "2023.02.17"]
[Round "6"]
[White "Szukalski, Antoni"]
[Black "Nocek, Dominik"]
[Result "1/2-1/2"]
[WhiteElo "1680"]
[BlackElo "1548"]
[PlyCount "61"]
[EventDate "2023.01.12"]
[EventType "tourn"]
[EventRounds "11"]
[EventCountry "POL"]
[SourceTitle "CBM 213 Extra"]
[Source "ChessBase"]
[SourceDate "2023.05.31"]
[SourceVersion "1"]
[SourceVersionDate "2023.05.31"]
[SourceQuality "1"]

1. d4 Nf6 2. Nf3 g6 3. Bf4 Bg7 4. e3 c5 5. c3 b6 6. dxc5 bxc5 7. h3 d6 8. Bb5+ Bd7 9. Be2 0-0 10. 0-0 Nc6 11. Nbd2 Qc7 12. Nb3 Qb6 13. Qc2 Rfb8 14. Nfd2 a5 15. Nc4 Qd8 16. Bf3 a4 17. Nbd2 Ne8 18. Rfd1 Nc7 19. g4 Nb5 20. a3 Qc8 21. Bg3 Be6 22. e4 Na5 23. Be2 Nc7 24. Re1 Nb3 25. Rab1 Nxd2 26. Qxd2 Rb3 27. Rec1 Rab8 28. Na5 R3b6 29. Nc4 Rb3 30. Na5 R3b6 31. Nc4 1/2-1/2

[Event "Warsaw YMCA Winter-B 270th"]
[Site "Warsaw"]
[Date "2023.01.20"]
[Round "5"]
[White "Mlynarski, Zbigniew"]
[Black "Szukalski, Antoni"]
[Result "0-1"]
[WhiteElo "1586"]
[BlackElo "1680"]
[PlyCount "142"]
[EventDate "2023.01.12"]
[EventType "tourn"]
[EventRounds "11"]
[EventCountry "POL"]
[SourceTitle "CBM 213 Extra"]
[Source "ChessBase"]
[SourceDate "2023.05.31"]
[SourceVersion "1"]
[SourceVersionDate "2023.05.31"]
[SourceQuality "1"]

1. d4 d5 2. Nf3 Nf6 3. c4 c6 4. Nc3 e6 5. Bg5 Be7 6. e3 Nbd7 7. Bd3 dxc4 8. Bxc4 h6 9. Bh4 Nd5 10. Bxe7 Qxe7 11. 0-0 0-0 12. e4 Nxc3 13. bxc3 c5 14. Qe2 Nb6 15. Bd3 Rd8 16. e5 Nd7 17. Nd2 cxd4 18. cxd4 Nf8 19. Qe3 Qd7 20. Nb3 b6 21. Rfd1 Bb7 22. Rac1 Rac8 23. Bc4 Bd5 24. Ba6 Rxc1 25. Qxc1 Qa4 26. Bd3 Qxa2 27. Nd2 Qa4 28. Bb1 Rc8 29. Nc4 Qxc4 30. Qe3 Qc3 31. Bd3 Qc6 32. f3 Qd7 33. Qe2 Rc3 34. Bb5 Qc7 35. Qe1 Bb7 36. Ra1 a5 37. Be2 Bd5 38. Qb1 a4 39. Bd1 a3 40. Qb4 Rc1 41. Qxa3 Rxa1 42. Qxa1 b5 43. Qb2 Qa5 44. Kf2 Qa2 45. Qxa2 Bxa2 46. Ke3 Ng6 47. g3 Ne7 48. Kd2 Nd5 49. Kc1 Kf8 50. Kb2 Bc4 51. f4 Ne3 52. Bb3 Bxb3 53. Kxb3 Nd5 54. Ka3 Ke7 55. Kb3 Kd7 56. Ka3 Kc6 57. Kb3 Kb6 58. Ka3 Ka5 59. Kb3 b4 60. Kb2 Ka4 61. Ka2 b3+ 62. Kb2 Kb4 63. Kb1 Kc3 64. Kc1 Kxd4 65. Kb2 Kc4 66. Kc1 Kc3 67. Kb1 b2 68. f5 exf5 69. e6 fxe6 70. g4 f4 71. h4 Kb3 0-1

[Event "Warsaw YMCA Autumn-A 266th"]
[Site "Warsaw"]
[Date "2022.09.30"]
[Round "5"]
[White "Leszczewicz, Karol"]
[Black "Szukalski, Antoni"]
[Result "0-1"]
[WhiteElo "1588"]
[BlackElo "1702"]
[PlyCount "178"]
[EventDate "2022.09.30"]
[EventType "tourn"]
[EventRounds "13"]
[EventCountry "POL"]
[SourceTitle "EXT 2024"]
[Source "ChessBase"]
[SourceDate "2023.10.10"]
[SourceVersion "1"]
[SourceVersionDate "2023.10.10"]
[SourceQuality "1"]

1. Nf3 Nf6 2. c4 e6 3. Nc3 d5 4. d4 Bb4 5. Bg5 c5 6. dxc5 Nbd7 7. cxd5 Bxc3+ 8. bxc3 exd5 9. e3 0-0 10. Qd4 Qa5 11. Bd3 Ne4 12. Bxe4 dxe4 13. Nd2 Nxc5 14. Be7 Nd3+ 15. Ke2 Re8 16. Bb4 Qb5 17. Qc4 Qf5 18. Raf1 a5 19. Bd6 b5 20. Qd4 Qh5+ 21. f3 Bf5 22. h3 exf3+ 23. Nxf3 Nb2 24. g4 Bd3+ 25. Kd2 Qg6 26. Ne5 Nc4+ 27. Nxc4 Bxc4 28. Bc7 Qc6 29. Qf4 Qd7+ 30. Kc1 Bxf1 31. Rxf1 Qe6 32. Kb1 Rac8 33. Bxa5 Ra8 34. Qc7 Rec8 35. Qb6 Qxb6 36. Bxb6 Rxc3 37. Bd4 Rca3 38. Rf2 b4 39. Rb2 R3a4 40. Bc5 Re8 41. Kc1 Rc8 42. Rc2 Ra5 43. Bxb4 Rxc2+ 44. Kxc2 Rxa2+ 45. Kd3 Rh2 46. Ke4 Rxh3 47. Kf4 Rh1 48. Kf3 Rb1 49. Bc5 f6 50. Kf4 Kf7 51. Bd4 Ke6 52. Ke4 Rf1 53. Bc5 Rg1 54. Kf4 Kd5 55. Bf8 Rf1+ 56. Kg3 g6 57. Kg2 Rc1 58. Bg7 Ke6 59. Bf8 Ke5 60. Kf3 Rc8 61. Be7 Re8 62. Bc5 Rd8 63. Be7 Rd7 64. Bc5 Rf7 65. Bd4+ Ke6 66. Kf4 Rb7 67. Kf3 Rb5 68. Kf4 Rb4 69. Ke4 Ra4 70. Kf3 h6 71. Ke4 Rb4 72. Kf3 Rb1 73. Kg2 f5 74. gxf5+ Kxf5 75. Kf3 Rb3 76. Bg7 h5 77. Bd4 g5 78. Bc5 g4+ 79. Kg3 Ke4 80. Kf2 h4 81. Be7 Rb2+ 82. Kg1 h3 83. Bf6 Rc2 84. Bh4 Kxe3 85. Bg3 Kf3 86. Bh4 g3 87. Bxg3 Kxg3 88. Kf1 h2 89. Ke1 h1Q# 0-1

[Event "Warsaw YMCA Autumn-A 266th"]
[Site "Warsaw"]
[Date "2022.09.30"]
[Round "1"]
[White "Moskwinski, Marek"]
[Black "Szukalski, Antoni"]
[Result "1/2-1/2"]
[WhiteElo "1858"]
[BlackElo "1702"]
[PlyCount "86"]
[EventDate "2022.09.30"]
[EventType "tourn"]
[EventRounds "13"]
[EventCountry "POL"]
[SourceTitle "EXT 2024"]
[Source "ChessBase"]
[SourceDate "2023.10.10"]
[SourceVersion "1"]
[SourceVersionDate "2023.10.10"]
[SourceQuality "1"]

1. e4 c5 2. Nf3 d6 3. d4 cxd4 4. Nxd4 Nf6 5. Nc3 a6 6. h3 e5 7. Nde2 Be6 8. g4 h6 9. Bg2 Nc6 10. f4 exf4 11. Bxf4 Ne5 12. Nd4 Be7 13. Nxe6 fxe6 14. Qd4 Qc7 15. Bxe5 dxe5 16. Qa4+ Kf7 17. 0-0-0 Rhd8 18. Rxd8 Rxd8 19. Rd1 Rxd1+ 20. Nxd1 Ne8 21. Qb3 Bg5+ 22. Kb1 Nd6 23. Qf3+ Ke7 24. Bf1 Qc5 25. Nf2 Qd4 26. Bd3 b5 27. c3 Qc5 28. a3 a5 29. Qe2 b4 30. cxb4 axb4 31. Qc2 Qb6 32. axb4 Qxb4 33. Nd1 Nb5 34. Bxb5 Qxb5 35. Qc7+ Kf6 36. Qd8+ Kf7 37. Qd6 Be7 38. Qd2 Bg5 39. Qf2+ Ke7 40. Qf3 Ke8 41. Nc3 Qc4 42. Kc2 Qd4 43. Qd3 Ke7 1/2-1/2

[Event "Warsaw YMCA Autumn-A 266th"]
[Site "Warsaw"]
[Date "2022.09.30"]
[Round "4"]
[White "Szukalski, Antoni"]
[Black "Terkiewicz, Bruno"]
[Result "1/2-1/2"]
[WhiteElo "1702"]
[BlackElo "1846"]
[PlyCount "70"]
[EventDate "2022.09.30"]
[EventType "tourn"]
[EventRounds "13"]
[EventCountry "POL"]
[SourceTitle "EXT 2024"]
[Source "ChessBase"]
[SourceDate "2023.10.10"]
[SourceVersion "1"]
[SourceVersionDate "2023.10.10"]
[SourceQuality "1"]

1. d4 Nf6 2. c4 e6 3. Nf3 c5 4. e3 cxd4 5. exd4 d5 6. Nc3 a6 7. Bd3 dxc4 8. Bxc4 b5 9. Bd3 Bb7 10. 0-0 Bd6 11. Re1 0-0 12. Bg5 Nbd7 13. Ne4 Be7 14. Bf4 Nxe4 15. Bxe4 Bxe4 16. Rxe4 Nf6 17. Re2 Nd5 18. Be5 Rc8 19. Rc1 Qa5 20. a3 Rc4 21. Rxc4 bxc4 22. Qc1 c3 23. bxc3 Nxc3 24. Rc2 Bxa3 25. Qg5 f6 26. Bxf6 Qxg5 27. Bxg5 Ne4 28. Be3 Rb8 29. g3 a5 30. Rc6 Nd6 31. Bf4 Rd8 32. Ng5 Nf5 33. Be5 Bb2 34. Nxe6 Rd7 35. Ng5 Rd8 1/2-1/2

[Event "POL-ch blitz"]
[Site "Suwalki"]
[Date "2022.09.24"]
[Round "10"]
[White "Szukalski, Antoni"]
[Black "Budrewicz, Krzysztof"]
[Result "0-1"]
[WhiteElo "1702"]
[BlackElo "2192"]
[PlyCount "96"]
[EventDate "2022.09.24"]
[EventType "swiss (blitz)"]
[EventRounds "15"]
[EventCountry "POL"]
[SourceTitle "CBM 210 Extra"]
[Source "ChessBase"]
[SourceDate "2022.11.30"]
[SourceVersion "1"]
[SourceVersionDate "2022.11.30"]
[SourceQuality "1"]

1. d4 d6 2. e4 g6 3. Nc3 Bg7 4. Nf3 a6 5. h3 b5 6. Bd3 Bb7 7. 0-0 Nd7 8. a3 e6 9. Re1 Ne7 10. Be3 e5 11. dxe5 dxe5 12. Bg5 f6 13. Be3 0-0 14. Qd2 Rf7 15. Bh6 Nf8 16. Rad1 Ne6 17. Bxg7 Kxg7 18. Be2 Qe8 19. Qe3 Nc6 20. Nd5 Ncd4 21. Nxd4 Nxd4 22. c4 Nc2 23. Qc5 Bxd5 24. cxd5 Nxe1 25. Rxe1 Rd8 26. a4 bxa4 27. Bxa6 Rd6 28. Bb5 Qa8 29. Ra1 Qa5 30. b4 Qb6 31. Rxa4 Qb8 32. Bc6 Qd8 33. b5 Qe7 34. Ra7 f5 35. b6 cxb6 36. Rxe7 bxc5 37. Rxf7+ Kxf7 38. exf5 gxf5 39. Kf1 Rd8 40. Ke2 Ke7 41. Kd3 Rb8 42. g3 Kd6 43. g4 e4+ 44. Ke2 f4 45. h4 Rb2+ 46. Kf1 f3 47. Ke1 Re2+ 48. Kf1 c4 0-1

[Event "Warsaw YMCA Spring-B 258th"]
[Site "Warsaw"]
[Date "2022.05.11"]
[Round "6"]
[White "Szukalski, Antoni"]
[Black "Matyszkiewicz, Wiktor"]
[Result "1/2-1/2"]
[WhiteElo "1702"]
[BlackElo "1777"]
[PlyCount "58"]
[EventDate "2022.04.07"]
[EventType "tourn"]
[EventRounds "11"]
[EventCountry "POL"]
[SourceTitle "EXT 2023"]
[Source "ChessBase"]
[SourceDate "2022.10.05"]
[SourceVersion "1"]
[SourceVersionDate "2022.10.05"]
[SourceQuality "1"]

1. d4 Nf6 2. c4 g6 3. Nc3 Bg7 4. Nf3 0-0 5. g3 c5 6. Bg2 cxd4 7. Nxd4 Nc6 8. Nxc6 bxc6 9. 0-0 Ba6 10. Qa4 Bb7 11. c5 a5 12. Rd1 Qc7 13. Bf4 e5 14. Bg5 h6 15. Bxf6 Bxf6 16. Ne4 Be7 17. Nd6 Ba6 18. Qe4 Bxd6 19. Rxd6 Rae8 20. Rad1 Qa7 21. Qe3 Re7 22. Bh3 Bc8 23. Qxh6 Qxc5 24. Qg5 Rfe8 25. Bxd7 Bxd7 26. Rxd7 Rxd7 27. Rxd7 Qc4 28. a3 Qxe2 29. Qd2 Qe4 1/2-1/2

[Event "Warsaw YMCA Spring-B 258th"]
[Site "Warsaw"]
[Date "2022.05.05"]
[Round "5"]
[White "Milczarek, Robert"]
[Black "Szukalski, Antoni"]
[Result "1/2-1/2"]
[WhiteElo "1668"]
[BlackElo "1702"]
[PlyCount "58"]
[EventDate "2022.04.07"]
[EventType "tourn"]
[EventRounds "11"]
[EventCountry "POL"]
[SourceTitle "EXT 2023"]
[Source "ChessBase"]
[SourceDate "2022.10.05"]
[SourceVersion "1"]
[SourceVersionDate "2022.10.05"]
[SourceQuality "1"]

1. d4 d5 2. c4 c6 3. Nf3 Nf6 4. e3 Bf5 5. Nc3 e6 6. Nh4 Bg6 7. Nxg6 hxg6 8. Bd3 dxc4 9. Bxc4 Nbd7 10. h3 Nd5 11. e4 Nxc3 12. bxc3 Nf6 13. Qe2 Qa5 14. Bd2 Be7 15. Rb1 b5 16. Bb3 Qd8 17. 0-0 0-0 18. g4 c5 19. dxc5 Nxe4 20. Qxe4 Qxd2 21. Rfd1 Qxc3 22. Rbc1 Qxh3 23. c6 Bg5 24. Rd3 Qxd3 25. Qxd3 Bxc1 26. Qxb5 Bf4 27. Qb7 Rfb8 28. Qd7 Rd8 29. Qb7 Rdb8 1/2-1/2

[Event "Warsaw YMCA Summer-A 244th"]
[Site "Warsaw"]
[Date "2021.08.05"]
[Round "5"]
[White "Szukalski, Antoni"]
[Black "Polak, Michal"]
[Result "1/2-1/2"]
[WhiteElo "1710"]
[BlackElo "1928"]
[PlyCount "124"]
[EventDate "2021.06.30"]
[EventType "tourn"]
[EventRounds "10"]
[EventCountry "POL"]
[SourceTitle "EXT 2022"]
[Source "ChessBase"]
[SourceDate "2021.10.06"]
[SourceVersion "1"]
[SourceVersionDate "2021.10.06"]
[SourceQuality "1"]

1. d4 Nf6 2. c4 e6 3. Nf3 b6 4. Bg5 Bb7 5. e3 Be7 6. Nc3 h6 7. Bxf6 Bxf6 8. Be2 0-0 9. Qb3 d5 10. c5 Qc8 11. Na4 Ba6 12. Bd3 Bxd3 13. Qxd3 Qa6 14. Qxa6 Nxa6 15. cxb6 axb6 16. Nc3 c5 17. Kd2 Rfc8 18. a3 cxd4 19. exd4 Rc4 20. Ne2 Rac8 21. Rhc1 Kf8 22. b3 Rxc1 23. Rxc1 Rxc1 24. Nxc1 Nb8 25. Nd3 Nc6 26. Kc3 Ke7 27. b4 Kd6 28. a4 h5 29. h4 g6 30. g3 Bg7 31. b5 Nxd4 32. Nxd4 e5 33. Nxe5 Bxe5 34. Kd3 Bxd4 35. Kxd4 f6 36. f3 g5 37. f4 gxf4 38. gxf4 f5 39. Kd3 Kc5 40. Kc3 d4+ 41. Kd3 Kd5 42. Kd2 Kc4 43. Kc2 Kb4 44. Kd3 Kc5 45. Kd2 Kc4 46. Kc2 Kb4 47. Kd3 Kxa4 48. Kxd4 Kxb5 49. Ke5 Kc4 50. Kxf5 b5 51. Kg5 b4 52. f5 b3 53. f6 b2 54. f7 b1Q 55. f8Q Qb5+ 56. Qf5 Qxf5+ 57. Kxf5 Kd5 58. Kg5 Ke5 59. Kxh5 Kf5 60. Kh6 Kf6 61. Kh7 Kf7 62. h5 Kf8 1/2-1/2

[Event "Warsaw YMCA Summer-A 244th"]
[Site "Warsaw"]
[Date "2021.07.08"]
[Round "4"]
[White "Moskwinski, Marek"]
[Black "Szukalski, Antoni"]
[Result "0-1"]
[WhiteElo "1880"]
[BlackElo "1710"]
[PlyCount "90"]
[EventDate "2021.06.30"]
[EventType "tourn"]
[EventRounds "10"]
[EventCountry "POL"]
[SourceTitle "EXT 2022"]
[Source "ChessBase"]
[SourceDate "2021.10.06"]
[SourceVersion "1"]
[SourceVersionDate "2021.10.06"]
[SourceQuality "1"]

1. d4 Nf6 2. Bg5 e6 3. Nf3 h6 4. Bxf6 Qxf6 5. e4 d5 6. e5 Qd8 7. Nbd2 c5 8. c3 Nc6 9. Bb5 Bd7 10. 0-0 a6 11. Ba4 Qb6 12. Rb1 cxd4 13. Bxc6 bxc6 14. cxd4 c5 15. Qb3 Qa7 16. Qc3 Rc8 17. Rbc1 cxd4 18. Qxd4 Bc5 19. Qg4 Bxf2+ 20. Kh1 0-0 21. Nb3 Bb5 22. Rfd1 Qe3 23. Qd4 Qxc1 24. Nxc1 Bxd4 25. Nxd4 Rc7 26. Ncb3 Ba4 27. h4 Rfc8 28. Rd3 Rc4 29. Na5 Rc1+ 30. Kh2 Rd1 31. Rxd1 Bxd1 32. Nac6 Rc7 33. b3 Bh5 34. Kg3 Bg6 35. Nb4 a5 36. Nbc6 Bb1 37. a4 Ba2 38. Nxa5 Rc3+ 39. Kf4 Rd3 40. Nac6 Bxb3 41. a5 Bc4 42. g4 Ba6 43. Nf3 Ra3 44. Nfd4 g6 45. g5 h5 0-1

[Event "Warsaw YMCA Winter-B 225th"]
[Site "Warsaw"]
[Date "2020.01.09"]
[Round "1"]
[White "Prus, Marek"]
[Black "Szukalski, Antoni"]
[Result "1-0"]
[WhiteElo "1672"]
[BlackElo "1752"]
[PlyCount "61"]
[EventDate "2020.01.09"]
[EventType "tourn"]
[EventRounds "13"]
[EventCountry "POL"]
[SourceTitle "CBM 195 Extra"]
[Source "ChessBase"]
[SourceDate "2020.05.31"]
[SourceVersion "1"]
[SourceVersionDate "2020.05.31"]
[SourceQuality "1"]

1. e4 c5 2. Nf3 d6 3. d4 cxd4 4. Qxd4 Nc6 5. Bb5 Bd7 6. Bxc6 Bxc6 7. Nc3 Nf6 8. Bg5 e6 9. 0-0-0 h6 10. Bh4 Be7 11. Rhe1 e5 12. Qd3 g5 13. Bg3 a6 14. Kb1 Qc7 15. Nd2 0-0-0 16. f3 Nh5 17. Nd5 Bxd5 18. Qxd5 Nxg3 19. hxg3 Rh7 20. Re3 Kb8 21. Rc3 Qd7 22. Nc4 Qe6 23. Nb6 Qxd5 24. Rxd5 f6 25. a4 Bf8 26. Rdd3 g4 27. Rc4 h5 28. Rdc3 Bh6 29. Rc8+ Rxc8 30. Rxc8+ Ka7 31. a5 1-0

[Event "Warsaw YMCA Autumn-B 221st"]
[Site "Warsaw"]
[Date "2019.11.21"]
[Round "10"]
[White "Szukalski, Antoni"]
[Black "Tarka, Aleksandra"]
[Result "1/2-1/2"]
[WhiteElo "1727"]
[BlackElo "1715"]
[PlyCount "82"]
[EventDate "2019.09.20"]
[EventType "tourn"]
[EventRounds "13"]
[EventCountry "POL"]
[SourceTitle "CBM 195 Extra"]
[Source "ChessBase"]
[SourceDate "2020.05.31"]
[SourceVersion "1"]
[SourceVersionDate "2020.05.31"]
[SourceQuality "1"]

1. e4 c5 2. Nf3 e6 3. Nc3 Nc6 4. Bb5 Nge7 5. d4 cxd4 6. Nxd4 Nxd4 7. Qxd4 a6 8. Be2 Nc6 9. Qd1 Qc7 10. Be3 b5 11. Qd2 Be7 12. 0-0 0-0 13. Rad1 Rd8 14. Qc1 Bb7 15. f4 Rac8 16. f5 f6 17. Kh1 Ne5 18. fxe6 dxe6 19. Bf3 Rxd1 20. Rxd1 b4 21. Na4 Qxc2 22. Qxc2 Rxc2 23. Rc1 Rxc1+ 24. Bxc1 Bc6 25. b3 f5 26. Be3 fxe4 27. Be2 Nd3 28. Nb6 Kf7 29. Kg1 Kf6 30. Kf1 Bd6 31. g3 e5 32. Nc4 Bc5 33. Bxd3 Bxe3 34. Be2 Bd4 35. Nd6 Ke6 36. Nc4 Bb5 37. h3 Kd5 38. Ke1 Kc5 39. Kf1 g6 40. Ke1 h6 41. Kf1 h5 1/2-1/2

[Event "Warsaw YMCA Autumn-B 221st"]
[Site "Warsaw"]
[Date "2019.10.10"]
[Round "4"]
[White "Szukalski, Antoni"]
[Black "Kasperski, Marcin"]
[Result "1/2-1/2"]
[WhiteElo "1727"]
[BlackElo "1638"]
[PlyCount "70"]
[EventDate "2019.09.20"]
[EventType "tourn"]
[EventRounds "13"]
[EventCountry "POL"]
[SourceTitle "CBM 195 Extra"]
[Source "ChessBase"]
[SourceDate "2020.05.31"]
[SourceVersion "1"]
[SourceVersionDate "2020.05.31"]
[SourceQuality "1"]

1. e4 c5 2. Nf3 Nc6 3. d4 cxd4 4. Nxd4 Nf6 5. Nc3 g6 6. Be2 Bg7 7. Be3 0-0 8. Qd2 a6 9. 0-0 d6 10. h3 Qc7 11. f4 Bd7 12. f5 Ne5 13. fxg6 fxg6 14. Nd5 Nxd5 15. exd5 Nc4 16. Bxc4 Qxc4 17. b3 Qc7 18. Rad1 b5 19. Bh6 Rxf1+ 20. Rxf1 Bxd4+ 21. Qxd4 Qc5 22. Qxc5 dxc5 23. Rf4 Bf5 24. c3 Bb1 25. a3 Ba2 26. Re4 Bxb3 27. Rxe7 Bxd5 28. Rg7+ Kh8 29. Rd7 Be4 30. Kf2 c4 31. Re7 Bc6 32. Rc7 Bd5 33. Rd7 Be6 34. Re7 Bd5 35. Rd7 Bc6 1/2-1/2

[Event "Warsaw YMCA Autumn-B 221st"]
[Site "Warsaw"]
[Date "2019.10.03"]
[Round "3"]
[White "Szukalski, Antoni"]
[Black "Ossolinski, Ziemowit"]
[Result "0-1"]
[WhiteElo "1727"]
[BlackElo "1802"]
[PlyCount "86"]
[EventDate "2019.09.20"]
[EventType "tourn"]
[EventRounds "13"]
[EventCountry "POL"]
[SourceTitle "CBM 195 Extra"]
[Source "ChessBase"]
[SourceDate "2020.05.31"]
[SourceVersion "1"]
[SourceVersionDate "2020.05.31"]
[SourceQuality "1"]

1. d4 Nf6 2. c4 c5 3. d5 b5 4. cxb5 a6 5. bxa6 g6 6. Nc3 Bxa6 7. e4 Bxf1 8. Kxf1 d6 9. g3 Bg7 10. Kg2 0-0 11. Nf3 Ng4 12. h3 Ne5 13. Bf4 Nbd7 14. Nxe5 Nxe5 15. Qe2 Qa5 16. a3 Rfb8 17. Rac1 Qb6 18. Nd1 Qb3 19. Rc3 Qa4 20. Rc2 Nd7 21. Re1 Rb7 22. Bc1 Bd4 23. f4 Rb3 24. Rf1 Nf6 25. Nc3 Bxc3 26. Rxc3 Rxc3 27. bxc3 Nxe4 28. f5 Nxc3 29. Qf3 Qe4 30. fxg6 hxg6 31. Qxe4 Nxe4 32. Re1 f5 33. g4 Kf7 34. h4 Ra4 35. gxf5 gxf5 36. Rf1 Nf6 37. Rxf5 Rxh4 38. Bb2 Kg6 39. Rf3 Nxd5 40. Rg3+ Kf5 41. Rf3+ Nf4+ 42. Kf2 Rh2+ 43. Ke3 Re2# 0-1

[Event "Warsaw YMCA Spring-B 214th"]
[Site "Warsaw"]
[Date "2019.05.23"]
[Round "7"]
[White "Szukalski, Antoni"]
[Black "Mazurkiewicz, Wojciech"]
[Result "1-0"]
[WhiteElo "1722"]
[BlackElo "1595"]
[PlyCount "109"]
[EventDate "2019.04.11"]
[EventType "tourn"]
[EventRounds "11"]
[EventCountry "POL"]
[SourceTitle "EXT 2020"]
[Source "ChessBase"]
[SourceDate "2019.10.17"]
[SourceVersion "1"]
[SourceVersionDate "2019.10.17"]
[SourceQuality "1"]

1. Nf3 Nf6 2. d4 e6 3. c4 Bb4+ 4. Nc3 d5 5. e3 0-0 6. a3 Bxc3+ 7. bxc3 c5 8. Bd3 dxc4 9. Bxc4 cxd4 10. cxd4 b5 11. Bd3 Bb7 12. 0-0 a6 13. a4 Qb6 14. axb5 axb5 15. Rxa8 Bxa8 16. Qb3 b4 17. Ne5 Bd5 18. Qb2 Nc6 19. Nxc6 Bxc6 20. Bd2 Rb8 21. Rb1 b3 22. f3 Nd7 23. Kf2 Bb5 24. Qc3 Bxd3 25. Qxd3 e5 26. Bc3 Qb5 27. Ke2 f6 28. Kd2 exd4 29. Bxd4 Qb4+ 30. Bc3 Qb5 31. Qxb5 Rxb5 32. Bd4 Nc5 33. Kc3 Ne6 34. Rxb3 Ra5 35. Rb2 Kf7 36. Kd3 h5 37. Bb6 Ra4 38. Ke2 g5 39. h3 g4 40. hxg4 hxg4 41. f4 f5 42. Rd2 Kf6 43. Kf2 Rb4 44. Ba5 Rb3 45. Rc2 Rb5 46. Bc3+ Kg6 47. Bd4 Nxd4 48. exd4 Rb3 49. Rd2 Kf6 50. d5 Ke7 51. d6+ Kd7 52. Rd5 g3+ 53. Ke2 Ke6 54. d7 Rb2+ 55. Kd1 1-0

[Event "Warsaw YMCA Spring-B 214th"]
[Site "Warsaw"]
[Date "2019.05.09"]
[Round "5"]
[White "Szukalski, Antoni"]
[Black "Jarmolowski, Tadeusz"]
[Result "1-0"]
[WhiteElo "1722"]
[BlackElo "1593"]
[PlyCount "131"]
[EventDate "2019.04.11"]
[EventType "tourn"]
[EventRounds "11"]
[EventCountry "POL"]
[SourceTitle "EXT 2020"]
[Source "ChessBase"]
[SourceDate "2019.10.17"]
[SourceVersion "1"]
[SourceVersionDate "2019.10.17"]
[SourceQuality "1"]

1. e4 d5 2. exd5 Qxd5 3. Nc3 Qd6 4. Nf3 Nf6 5. d4 a6 6. Bc4 Bg4 7. d5 Nbd7 8. h3 Bh5 9. g4 Bg6 10. Be3 Nb6 11. Bb3 0-0-0 12. Bxb6 Qxb6 13. Qe2 e6 14. 0-0-0 Bb4 15. Na4 Qd6 16. dxe6 Qf4+ 17. Qe3 Qxe3+ 18. fxe3 fxe6 19. Bxe6+ Kb8 20. Bf5 Bxf5 21. gxf5 Ne4 22. a3 Be7 23. Rd4 Rxd4 24. Nxd4 b5 25. Nc6+ Kb7 26. Nxe7 bxa4 27. Rg1 g6 28. Rg4 gxf5 29. Nxf5 Nc5 30. Rg7 Ne4 31. Re7 Rf8 32. Rxe4 Rxf5 33. Rxa4 Rf3 34. Rh4 Rxe3 35. Rxh7 Re2 36. h4 Rh2 37. b3 Kc6 38. Kb2 Rh3 39. Rh5 Kb6 40. a4 Kb7 41. b4 Kc6 42. c3 Kb7 43. Kb3 Kc6 44. Kc4 Kb7 45. Rh6 Ka7 46. Kd4 Kb7 47. h5 Ka7 48. c4 Kb7 49. Kd5 Rh4 50. Rh7 Rh1 51. Kc5 Ra1 52. a5 Rh1 53. Rh6 Rh2 54. b5 axb5 55. a6+ Ka7 56. cxb5 Rc2+ 57. Kd5 Rb2 58. Kc6 Rc2+ 59. Kd7 Rb2 60. Kxc7 Rxb5 61. Kd7 Rb1 62. Re6 Rh1 63. h6 Rh2 64. Ke7 Rh1 65. Kf7 Rh2 66. Kg7 1-0

[Event "Warsaw YMCA Winter-B 210th"]
[Site "Warsaw"]
[Date "2019.02.19"]
[Round "7"]
[White "Kwiecinski, Rafal"]
[Black "Szukalski, Antoni"]
[Result "0-1"]
[WhiteElo "1565"]
[BlackElo "1747"]
[PlyCount "134"]
[EventDate "2019.01.09"]
[EventType "swiss"]
[EventRounds "13"]
[EventCountry "POL"]
[SourceTitle "CBM 189 Extra"]
[Source "ChessBase"]
[SourceDate "2019.06.03"]
[SourceVersion "1"]
[SourceVersionDate "2019.06.03"]
[SourceQuality "1"]

1. e4 e5 2. Nf3 Nc6 3. Bc4 Bc5 4. c3 Nf6 5. d3 d6 6. Bg5 h6 7. Bh4 Qe7 8. h3 Be6 9. Nbd2 Bb6 10. Qe2 a6 11. b4 0-0 12. Bb3 Rfe8 13. Nc4 Ba7 14. Ne3 Bxe3 15. fxe3 Bxb3 16. axb3 Qe6 17. Nd2 Ne7 18. 0-0 Nd7 19. d4 g5 20. d5 Qg6 21. Be1 f5 22. exf5 Nxf5 23. e4 Ng7 24. Kh2 Rf8 25. Rg1 Nh5 26. g3 Rf7 27. b5 Nhf6 28. b4 a5 29. Rf1 b6 30. Rf5 Rff8 31. Qc4 axb4 32. Rxa8 Rxa8 33. cxb4 Ra1 34. Bf2 Qh5 35. Kg2 Qd1 36. Nf1 Nxe4 37. Bxb6 Nxb6 38. Qxe4 Qxd5 39. Qf3 Ra2+ 40. Kg1 Qxf3 41. Rxf3 Rc2 42. Rb3 Nd5 43. g4 Rc3 44. Nd2 Rxb3 45. Nxb3 Nc3 46. Kf2 Nxb5 47. Ke3 Kf7 48. Nd2 Ke6 49. Ne4 c6 50. Ng3 Nc3 51. Kd3 Nd5 52. Nf5 Nf4+ 53. Kc4 Nxh3 54. Nxh6 Nf4 55. Kc3 Nd5+ 56. Kd3 Nf6 57. Ke3 d5 58. Kf3 d4 59. Nf5 e4+ 60. Kg3 d3 61. Ne3 Nd5 62. Nf1 Nxb4 63. Kf2 Nd5 64. Ke1 e3 65. Ng3 Nc3 66. Nf1 Nd5 67. Ng3 d2+ 0-1